| 000 | 00782nam a2200193Ii 4500 | ||
|---|---|---|---|
| 003 | JO-AjNU | ||
| 008 | 230605s9999||||xx |||||||||||||| ||und|| | ||
| 040 |
_aJO-AjNU _bara _erda _cJO-AjNU |
||
| 041 | _aara | ||
| 050 | 1 | 4 | _aHG151.A73.1988 |
| 100 | 3 |
_aأعداد مجدى نافد الأسيوطي, _eauthor _930556 |
|
| 245 | 0 | 0 | _aمعجم المصطلحات المصرفية والمالية: انجليزي - فرنسي - عربي = Banking and financial dictionary: English, French, Arabic |
| 264 | 3 | 1 | _aبيروت: مكتبة لبنان، 1988 |
| 300 | _a338ص | ||
| 336 |
_atext _btxt _2rdacontent |
||
| 337 |
_aunmediated _bn _2rdamedia |
||
| 338 |
_avolume _bnc _2rdacarrier |
||
| 650 | 4 |
_aبنوك وأعمال مصرفية -- معاجم (متعددة اللغات) _930557 |
|
| 999 |
_aA12127 _c15695 _d15695 |
||